Łatwy quiz wiedzy ogólnej #4 - Statystyki

Ogólne statystyki
  • Ten quiz został rozwiązany 6 611 razy
  • Średni wynik to 14 z 20
Statystyki odpowiedzi
Pytanie Odpowiedź % Poprawnych
Jak nazywa się stolica Włoch? Rzym
99%
Jakie są dwa najzimniejsze kraje na świecie pod względem średniej temperatury? Rosja
91%
Jakie jest najwyższe zwierzę lądowe? Żyrafa
91%
Jak mają na imię Bieber i Timberlake? Justin
89%
Która planeta jest druga od Słońca? Wenus
89%
Jaki przedmiot domowy rzekomo spowoduje 7 lat pecha, jeśli się rozbije? Lustro
88%
Jakie są dwa najzimniejsze kraje na świecie pod względem średniej temperatury? Kanada
80%
Jak nazywają się „spiczaste” zęby, które ludzie mają obok siekaczy? Kły
77%
W jakim języku słowo karōshi oznacza „śmierć z przepracowania”? Japońskim
71%
Jakie jest najdłuższe pasmo górskie w Ameryce Południowej? Andy
70%
Jaki film zaczyna się od słów „Dawno, dawno temu, w odległej galaktyce...”? Gwiezdne wojny
68%
W jakim kraju znajduje się główna siedziba firmy Samsung? Korea Południowa
64%
Jakim krajem rządził Fidel Castro? Kuba
64%
Jak się mówi na młodą owcę? Jagnię
60%
Jaki dinozaur miał najpotężniejsze ugryzienie spośród wszystkich zwierząt lądowych w historii? Tyranozaur
60%
Jak nazywa się dziewczyna Myszki Miki? Myszka Minnie
55%
Jaki produkt spożywczy jest czasami rzucany w parę młodą na weselach? Ryż
55%
Kto zagrał w filmach „Forrest Gump”, „Szeregowiec Ryan” i „Cast Away”? Tom Hanks
51%
Jaka jest hiszpańska wersja imienia John? Juan
42%
Kto był gwiazdą filmową, zanim został prezydentem Stanów Zjednoczonych? Ronald Reagan
29%
Nie znaleziono quizów pasujących do podanych kryteriów
Rozkład punktacji
Procent ludzi z każdym wynikiem
Percentyl według liczby udzielonych odpowiedzi
Twoja historia wyników
Nie rozwiązałeś tego quizu